Logo Biblioteca

Guía Muggle del mundo mágico : (Registro nro. 924)

Detalles MARC
000 -LEADER
fixed length control field 01473nam a22002657a 4500
003 - CONTROL NUMBER IDENTIFIER
control field AR-RoUNCS
005 - DATE AND TIME OF LATEST TRANSACTION
control field 20260226101459.0
008 - FIXED-LENGTH DATA ELEMENTS--GENERAL INFORMATION
fixed length control field 260226t2005 sp a||||r|||| 00| f spa d
020 ## - INTERNATIONAL STANDARD BOOK NUMBER
International Standard Book Number 84-666-2830-4
040 ## - CATALOGING SOURCE
Original cataloging agency AR-RoUNCS
Transcribing agency AR-RoUNCS
080 ## - UNIVERSAL DECIMAL CLASSIFICATION NUMBER
Authority record control number or standard number 82-312.9(71)
100 1# - MAIN ENTRY--PERSONAL NAME
Personal name Boyle, Fionna
Relator term autor
245 10 - TITLE STATEMENT
Title Guía Muggle del mundo mágico :
Remainder of title [manual definitivo del universo Harry Potter] /
Statement of responsibility, etc. Fionna Boyle ; traducción de Jordi Vidal.
260 ## - PUBLICATION, DISTRIBUTION, ETC.
Place of publication, distribution, etc. Barcelona :
Name of publisher, distributor, etc. Ediciones B,
Date of publication, distribution, etc. 2005.
300 ## - PHYSICAL DESCRIPTION
Extent 506 p. ;
Dimensions 24 cm.
500 ## - GENERAL NOTE
General note En la tapa "Edición no autorizada por J. K. Rowling ni Warner Bros"
504 ## - BIBLIOGRAPHY, ETC. NOTE
Bibliography, etc. note Bibliografia p. 469-475. Índex
520 3# - SUMMARY, ETC.
Summary, etc. El universo creado por J. K. Rowling está tan abarrotado de detalles, que es difícil dominartlo por completo. Gracias a la Guía muggle del mundo mágico, todos los lectores podrán recorrer hasta el último recodo de sus libros preferidos y conocer anécdotas sorprendentes del mago más famoso. Tanto si has olvidade el ingrediente de una posión, como si no recuerdas los efectos de algún embrujo, este manual es la herramienta indispensable para conocer la serie de Harry Potter pormenorizadamente. (Notas del editor).
600 #7 - SUBJECT ADDED ENTRY--PERSONAL NAME
Source of heading or term embne
Personal name Potter, Harry (personaje de ficción)
Form subdivision Manuales para aficionados
650 #7 - SUBJECT ADDED ENTRY--TOPICAL TERM
Source of heading or term embne
Topical term or geographic name entry element Literatura canadiense
655 #7 - INDEX TERM--GENRE/FORM
Source of term embne
Genre/form data or focus term Novelas fantásticas
655 #7 - INDEX TERM--GENRE/FORM
Source of term embne
Genre/form data or focus term Novelas juveniles
700 1# - ADDED ENTRY--PERSONAL NAME
Personal name Vidal, Jordi
Relator term Traductor
942 ## - ADDED ENTRY ELEMENTS (KOHA)
Source of classification or shelving scheme Universal Decimal Classification
Koha item type Obra General
Suppress in OPAC No
Existencias
Withdrawn status Lost status Source of classification or shelving scheme Damaged status Not for loan Collection Home library Current library Date acquired Source of acquisition Total checkouts Full call number Barcode Date last seen Price effective from Koha item type
    Universal Decimal Classification     Colección General Biblioteca Escuela de Ciencias Sociales Biblioteca Escuela de Ciencias Sociales 26/02/2026 Donación 2024   82-312.9(71) B792 001200 26/02/2026 26/02/2026 Obra General
Biblioteca de la Escuela Preuniversitaria en Ciencias Sociales y Humanísticas.
Riobamba 250 bis.
CP 2000 - Rosario - Santa Fe
E-Mail: biblioteca@esociales.unr.edu.ar